000 00820nam a2200181 a 4500
008 121022s1996 ||||||||||||||||| || u
050 _aPAPERS/STAFF/SIZIYA
100 _aSiziya, Seter
245 1 0 _aEchocardiographic assessment of left ventricular hypertrophy diastolic dysfunction and pericardial disease in patients on maintenance haemodialysis
_cby Seter Siziya, J. G. Hakim and A. George
260 _aLusaka:
_bUniversity of Zambia, School of Medicine
_c1996
300 _ap. 505 - p. 508.: ill.
490 _aEast African Medical Journal
490 _vVol. 73, No. 8
500 _aBibliography
650 _aHAEMODIALYSIS
650 _aELECTROCARDIOGRAPHY
995 _aSPECIAL COLLECTIONS
_e310
_FCBU-SCHOOL OF MEDICINE LIBRARY (Ndola)
_jPAPERS/STAFF/SIZIYA
_M1
_UAVAILABLE
_WDec 4, 2012
_yB310
_ZZambiana Collection
999 _c31311
_d31311